| 000 | 01030ntm a2200253 a 4500 | ||
|---|---|---|---|
| 001 | 75499 | ||
| 003 | BD-RjUL | ||
| 005 | 20211209082712.0 | ||
| 008 | 190417s2017 bg a|||| bm|| 00| 0 eng d | ||
| 035 | _a(BD-RjUL)75717 | ||
| 040 |
_aBD-RjUL _beng _cBD-RjUL _dBD-RjUL |
||
| 041 | _aeng | ||
| 082 |
_223 _a331.890487 _bAHW 2017 |
||
| 100 | 1 |
_aAhmad, Sadruddin _9230735 |
|
| 245 | 1 | 0 |
_aWorkers' Participation in Decision Making in Readymade Garments sector of Bangladesh : _bStructures, Eddicacy and Means / _cSadruddin Ahmad _6Supervisor: Golam Kibria Ferdous |
| 260 |
_aRajshahi : _bInstitute of Bangladesh Studies, R. U. , _c2017 |
||
| 300 |
_axx, 287 leaves : _bIll. ; _c30 cm. |
||
| 502 | _aThesis (Ph. D.) -- Institute of Bangladesh Studies, R. U. , 2017 | ||
| 504 | _aBibliography: leaves [274]-287 | ||
| 650 |
_aIndustrial relations _xGarment Industry _zBangladesh _9230737 |
||
| 650 |
_aLabour management _xGarment Industry _zBangladesh _9230738 |
||
| 700 |
_aFerdous, Golam Kibria, Supervisor _9230736 |
||
| 942 |
_2ddc _cTHE |
||
| 999 |
_c75499 _d75499 |
||